La creación del derecho: una historia de la formación de un derecho estatal español

Guardat en:
Dades bibliogràfiques
Autor principal: Iglesia Ferreirós, Aquilino (Autor)
Format: Llibre
Idioma:espanyol
Publicat: Barcelona Signo 1992
Matèries:
Etiquetes: Afegir etiqueta
Sense etiquetes, Sigues el primer a etiquetar aquest registre!

MARC

LEADER 00000nam a2200000 a 4500
001 UCX8188
003 CL-VaPUC
008 940310e19920000SP |||||||||||||||||spa|d
082 0 4 |a 349.46  |b IGL  |2 21 
100 |a Iglesia Ferreirós, Aquilino  |e author  |9 622173 
245 1 3 |a La creación del derecho: una historia de la formación de un derecho estatal español 
300 |a 2 v 
942 |c BK 
945 |d 19940310 00:00:00  |a aalvarez 
260 |a Barcelona  |b Signo  |c 1992 
650 7 |a DERECHO HISTORIA  |2 CL-VaPUC  |9 255119 
583 |a last modification  |c 19940310 00:00:00  |k Rodrigo Vera 
999 |c 227776  |d 227774 
952 |0 0  |1 0  |4 0  |6 349_460000000000000_IGL_1992  |7 0  |8 DER_HIS  |9 227001  |a BIBDER  |b BIBDER  |d 2019-11-15  |h v.1  |i 296127K  |o 349.46 IGL 1992  |p 296127K  |r 2023-01-25  |w 2019-11-15  |x Ubicación 4to Piso  |y BK  |z Estos recursos deben solicitarse con anticipación  |k DER 
952 |0 0  |1 0  |4 0  |6 349_460000000000000_IGL_1992  |7 0  |8 DER_HIS  |9 227002  |a BIBDER  |b BIBDER  |d 2019-11-15  |h v.2  |i 2961288  |o 349.46 IGL 1992  |p 2961288  |r 2023-01-25  |w 2019-11-15  |x Ubicación 4to Piso  |y BK  |z Estos recursos deben solicitarse con anticipación  |k DER